Una promesa incumplida: acuerdos de paz en Guatemala /

Enregistré dans:
Détails bibliographiques
Auteur principal: Quesada Quesada, Carlos
Format: Texte
Sujets:
Tags: Ajouter un tag
Pas de tags, Soyez le premier à ajouter un tag!

MARC

LEADER 00000 a a2200000 04500
001 2329
003
040
100 |a Quesada Quesada, Carlos  
245 |a Una promesa incumplida:   |b acuerdos de paz en Guatemala /  |c Carlos Quesada Quesada 
650 |a ACUERDOS  
650 |a PAZ  
650 |a GUATEMALA  
650 |a SOCIEDAD CIVIL  
650 |a TIERRA  
650 |a DERECHOS HUMANOS  
650 |a LEGISLACION  
650 |a GOBIERNO  
773 |g volumen 17, número 1; páginas 8-9  
999 |c 23022  |d 23022